| 000 | 01129cab a22001935a 4500 | ||
|---|---|---|---|
| 001 | L156721 | ||
| 008 | 120628e2012 xxk 000 0 eng d | ||
| 035 | _a(Sirsi) u156721 | ||
| 041 | 0 | _aeng | |
| 110 |
_aBritish Standards Institution _9130 |
||
| 245 | 0 | 0 |
_aBSI announces new Kitemark to help reassure public over benefits of Green Deal _h[electronic resource] |
| 260 |
_aLondon _bBSI _c2012 |
||
| 520 | _aNew BSI Kitemark for energy efficient buildings is intended to enhance consumer understanding of the Green Deal initiative and give homeowners the confidence to take part in the scheme. A BSI commissioned survey of over 1 200 homeowners across the UK conducted in June 2012 found that only 20% will participate in the Green Deal, with 83% of them not knowing enough about the initiative to commit. | ||
| 590 | _aKA NTK | ||
| 690 |
_aSustainability _96271 |
||
| 690 |
_aEnvironment _96238 |
||
| 856 | 4 | 0 |
_uhttps://www.bsigroup.com/en/about-bsi/News-Room/BSI-News-Content/General/BSI-ANNOUNCES-NEW-KITEMARK-TO-HELP-REASSURE-PUBLIC-OVER-BENEFITS-OF-GREEN-DEAL-/ _zView the item free of charge at www.bsigroup.com |
| 942 | _n0 | ||
| 999 |
_c84126 _d84126 |
||